000 00294nam a22001337a 4500
008 181122b xxu||||| |||| 00| 0 eng d
020 _a9781591940814
041 _aeng
080 _a370
100 _a47
101 _aEDU
245 _aTen Step Advanced Reading
_cJohn.L
942 _2udc
_cBK
999 _c52318
_d52318